000 00380pam a2200157a 44500
008 230515b0 xxu||||| |||| 00| 0 eng d
020 _aNULL
041 _aENGL
082 _a/ CHE
100 _aCHEREMISINOFF P. N. & OTHER
245 _aCIVIL ENGINEERING PRACTICE (GEOTECHNICAL OCEAN ENGG.)
250 _aN.D.
260 _aNULL
_bTECH
_c0
300 _a870 HB
650 _aNULL
999 _c631482
_d631482